Teaching with the brain in mind
Αποθηκεύτηκε σε:
| Κύριος συγγραφέας: | |
|---|---|
| Μορφή: | Βιβλίο |
| Γλώσσα: | Αγγλικά |
| Έκδοση: |
Alexandría
ASCD
2005
|
| Έκδοση: | 2a. ed |
| Θέματα: | |
| Ετικέτες: |
Προσθήκη ετικέτας
Δεν υπάρχουν, Καταχωρήστε ετικέτα πρώτοι!
|
MARC
| LEADER | 00000cam a2200000 a 4500 | ||
|---|---|---|---|
| 001 | UCE9833 | ||
| 003 | CL-VaPUC | ||
| 008 | 151106e20050000us |||||||||||||||||eng|d | ||
| 020 | |a 1416600302 | ||
| 082 | 0 | 4 | |a 370.15 |b JEN |2 21 |
| 100 | |a Jensen, Eric |e author |9 594828 | ||
| 245 | 1 | 0 | |a Teaching with the brain in mind |
| 250 | |a 2a. ed | ||
| 300 | |a 186 p | ||
| 942 | |c BK | ||
| 945 | |d 20151106 14:16:00 |a arojas | ||
| 260 | |a Alexandría |b ASCD |c 2005 | ||
| 650 | 0 | |a Psicología educacional |9 307830 | |
| 650 | 0 | |a Aprendizaje |9 254827 | |
| 650 | 7 | |a HABILIDADES MENTALES |2 CL-VaPUC |9 420573 | |
| 583 | |a last modification |c 20151106 14:16:00 |k Rodrigo Vera | ||
| 999 | |c 361476 |d 361474 | ||
| 952 | |0 0 |1 0 |3 erb |4 0 |6 370_150000000000000_JEN_2005 |7 0 |8 A |9 472037 |a BIBEDU |b BIBEDU |i 5247187 |o 370.15 JEN 2005 |p 5247187 |r 2019-11-24 |w 2019-11-24 |y BK |z Catalogado en:20151106 |k LIT | ||